000
00322nam a2200121Ia 4500
008
150731s2012 xx 000 0 und d
082
_a
612.015
_b
R 12 S
100
_a
SURESH PARIMI
245
_a
RASENDRA SARA SANGRAH OF SRI GOPAL K. BHATT
260
_b
CHAUKHAMBHA PUB. NEW DELHI
_c
2012
300
_a
1112
942
_2
ddc
_c
BK
999
_c
7924
_d
7924